[Event "Miskolc Avas op-B"]
[Site "Miskolc"]
[Date "1998.??.??"]
[Round "4"]
[White "Fedor, Bela"]
[Black "Ats, Laszlo Gyorgy"]
[Result "0-1"]
[WhiteElo "1755"]
[BlackElo "1890"]
[PlyCount "64"]
[EventDate "1998.09.??"]
[EventType "swiss"]
[EventRounds "9"]
[EventCountry "HUN"]
[SourceTitle "EXT 1999"]
[Source "ChessBase"]
[SourceDate "1998.11.16"]
[SourceVersion "1"]
[SourceVersionDate "1998.11.16"]
[SourceQuality "1"]

1. d4 c5 2. e3 cxd4 3. exd4 d5 4. c4 dxc4 5. Bxc4 Nf6 6. Nc3 e6 7. Bg5 Be7 8. Nf3 0-0 9. 0-0 h6 10. Be3 Nc6 11. Qe2 Na5 12. Bd3 b6 13. Rfd1 Bb7 14. Rac1 Nd5 15. Bb1 Nxe3 16. fxe3 Rc8 17. Ne5 Bd6 18. Qd3 f5 19. Qe2 Bxe5 20. dxe5 Qg5 21. Bd3 Rfd8 22. Rd2 Nc6 23. Rcd1 Nxe5 24. Kh1 Ng4 25. e4 Kh8 26. Qf3 Rd7 27. h3 Ne5 28. Qe2 Rcd8 29. exf5 Nxd3 30. fxe6 Nf2+ 31. Qxf2 Rxd2 32. Rxd2 Rxd2 0-1

[Event "Miskolc Avas op-B"]
[Site "Miskolc"]
[Date "1998.??.??"]
[Round "6"]
[White "Fedor, Bela"]
[Black "Vodila, Gergely"]
[Result "0-1"]
[WhiteElo "1755"]
[BlackElo "1740"]
[PlyCount "88"]
[EventDate "1998.09.??"]
[EventType "swiss"]
[EventRounds "9"]
[EventCountry "HUN"]
[SourceTitle "EXT 1999"]
[Source "ChessBase"]
[SourceDate "1998.11.16"]
[SourceVersion "1"]
[SourceVersionDate "1998.11.16"]
[SourceQuality "1"]

1. d4 Nf6 2. c4 e6 3. Nc3 Bb4 4. Nf3 d5 5. e3 0-0 6. Bd3 dxc4 7. Bxc4 c5 8. a3 cxd4 9. Nxd4 Bxc3+ 10. bxc3 Bd7 11. 0-0 Nc6 12. Nf3 Rc8 13. Qe2 Na5 14. Bd3 Rxc3 15. Bb2 Rc8 16. Rfd1 Nb3 17. Rab1 Nc5 18. Bb5 Qe7 19. Be5 Bxb5 20. Qxb5 Rfd8 21. Rbc1 b6 22. Qb4 Rxd1+ 23. Rxd1 Rd8 24. Rd4 Rxd4 25. exd4 Nd5 26. Qb5 Qd7 27. Qb1 Nb7 28. Qc1 f6 29. Bg3 Nd8 30. h4 Qc6 31. Qb2 Qc3 32. Qb5 Qxa3 33. Qd7 Qe7 34. Qc8 Kf7 35. h5 b5 36. Bh4 Qc7 37. Qa6 b4 38. Nd2 Qc1+ 39. Nf1 b3 40. Qxa7+ Ne7 41. Qb6 b2 42. d5 exd5 43. Bxf6 gxf6 44. Qxd8 b1Q 0-1